MARC details
| 000 -LEADER |
| fixed length control field |
02520nam a22003617a 4500 |
| 001 - CONTROL NUMBER |
| control field |
103682 |
| 003 - CONTROL NUMBER IDENTIFIER |
| control field |
KnowledgeUnlatched |
| 005 - DATE AND TIME OF LATEST TRANSACTION |
| control field |
20210303105144.0 |
| 006 - FIXED-LENGTH DATA ELEMENTS--ADDITIONAL MATERIAL CHARACTERISTICS |
| fixed length control field |
m o d |
| 007 - PHYSICAL DESCRIPTION FIXED FIELD--GENERAL INFORMATION |
| fixed length control field |
cr u|||||||||| |
| 008 - FIXED-LENGTH DATA ELEMENTS--GENERAL INFORMATION |
| fixed length control field |
210129p20172019ne o u00| u eng d |
| 037 ## - SOURCE OF ACQUISITION |
| Institution to which field applies |
BiblioBoard |
| 020 ## - INTERNATIONAL STANDARD BOOK NUMBER |
| International Standard Book Number |
9789048537792 |
| 024 8# - OTHER STANDARD IDENTIFIER |
| Standard number or code |
10.5117/9789462986510 |
| 029 1# - OTHER SYSTEM CONTROL NUMBER (OCLC) |
| OCLC library identifier |
https://library.biblioboard.com/ext/api/media/dadc1ba5-e636-4733-ad10-ad2535ba14d2/assets/thumbnail.jpg |
| 040 ## - CATALOGING SOURCE |
| Original cataloging agency |
ScCtBLL |
| Transcribing agency |
ScCtBLL |
| 100 1# - MAIN ENTRY--PERSONAL NAME |
| Personal name |
Balanzategui, Jessica |
| Relator term |
author. |
| 245 04 - TITLE STATEMENT |
| Title |
The Uncanny Child in Transnational Cinema |
| Remainder of title |
Ghosts of Futurity at the Turn of the Twenty-first Century / |
| Statement of responsibility, etc. |
Jessica Balanzategui. |
| 264 #1 - PRODUCTION, PUBLICATION, DISTRIBUTION, MANUFACTURE, AND COPYRIGHT NOTICE |
| Name of producer, publisher, distributor, manufacturer |
Amsterdam University Press, |
| 300 ## - PHYSICAL DESCRIPTION |
| Extent |
1 online resource (342 p.) |
| 506 0# - RESTRICTIONS ON ACCESS NOTE |
| Terms governing access |
Access copy available to the general public. |
| Standardized terminology for access restriction |
Unrestricted |
| Source of term |
star |
| 520 ## - SUMMARY, ETC. |
| Summary, etc. |
The uncanny child in transnational cinema illustrates how global horror film images of children reconceptualised childhood at the beginning of the twenty-first century, unravelling the child's long entrenched binding to ideologies of growth, futurity, and progress. The book analyses an influential body of horror films featuring subversive depictions of children and proposes that complex cultural and industrial shifts at the turn of the millennium resulted in potent cinematic renegotiations of the concept of childhood. In these transnational films - largely stemming from Spain, Japan, and America - the child resists embodying growth and futurity: by demonstrating both the culturally specific and globally resonant properties of these frightening visions of children who refuse to grow up, the book outlines the conceptual and aesthetic mechanisms by which long entrenched ideologies of futurity, national progress, and teleological history started to waver at the turn of the 21st century. |
| 588 0# - SOURCE OF DESCRIPTION NOTE |
| Source of description note |
Description based on print version record. |
| 590 ## - LOCAL NOTE (RLIN) |
| Local note |
KU Select 2016 Front List Collection |
| 650 #7 - SUBJECT ADDED ENTRY--TOPICAL TERM |
| Topical term or geographic name entry element |
Performing Arts / Film |
| Source of heading or term |
bisacsh |
| 650 #0 - SUBJECT ADDED ENTRY--TOPICAL TERM |
| Topical term or geographic name entry element |
Performing arts |
| 655 #0 - INDEX TERM--GENRE/FORM |
| Genre/form data or focus term |
Electronic books. |
| 758 ## - |
| -- |
Is found in: |
| -- |
Knowledge Unlatched |
| -- |
https://openresearchlibrary.org/module/2774bc74-146a-484f-a7ba-ab1d6a09bbfb |
| 856 40 - ELECTRONIC LOCATION AND ACCESS |
| Uniform Resource Identifier |
<a href="https://openresearchlibrary.org/content/dadc1ba5-e636-4733-ad10-ad2535ba14d2">https://openresearchlibrary.org/content/dadc1ba5-e636-4733-ad10-ad2535ba14d2</a> |
| Public note |
View this content on Open Research Library. |
| -- |
0 |